[Event "Europa tch 2011 femenino"]
[Site "Porto Carras"]
[Date "2011.11.04"]
[Round "2.4"]
[White "Peng, Zhaoqin"]
[Black "Paehtz, Elisabeth"]
[Result "1-0"]
[WhiteElo "2379"]
[BlackElo "2457"]
[PlyCount "79"]
[EventDate "2011.11.03"]
[EventType "team"]
[EventRounds "9"]
[EventCountry "GRE"]
[Source "lmi"]
[SourceDate "2011.11.03"]

1. c4 b6 2. Nc3 e6 3. e4 Bb7 4. Nf3 Bb4 5. Bd3 Ne7 6. a3 Bxc3 7. dxc3 d6 8. O-O
Nd7 9. b4 e5 10. Ne1 O-O 11. Nc2 f5 12. exf5 Nxf5 13. f3 Qe8 14. Qe1 Kh8 15.
Bd2 Qf7 16. Rd1 Rae8 17. Bc1 Ba6 18. Qe4 g6 19. Ne3 Ne7 20. Qh4 Nf5 21. Qh3 Ng7
22. Nd5 Nf6 23. Nxf6 Qxf6 24. Qd7 Ne6 25. Qa4 Bb7 26. c5 dxc5 27. Bb5 Ra8 28.
Bc6 Bxc6 29. Qxc6 cxb4 30. axb4 a5 31. Bh6 Rg8 32. Rd7 Rac8 33. h4 Qxh4 34.
Qxe6 Qxh6 35. Qxe5+ Rg7 36. Rfd1 Rcg8 37. bxa5 bxa5 38. Rd8 Qh4 39. Rxg8+ Kxg8
40. Qe8# 1-0

[Event "Europa tch 2011 femenino"]
[Site "Porto Carras"]
[Date "2011.11.04"]
[Round "2.5"]
[White "Bulmaga, Irina"]
[Black "Leconte, Maria"]
[Result "1-0"]
[WhiteElo "2334"]
[BlackElo "2282"]
[PlyCount "79"]
[EventDate "2011.11.03"]
[EventType "team"]
[EventRounds "9"]
[EventCountry "GRE"]
[Source "lmi"]
[SourceDate "2011.11.03"]

1. e4 e6 2. d4 d5 3. Nc3 Bb4 4. e5 c5 5. a3 Bxc3+ 6. bxc3 Ne7 7. Qg4 O-O 8. Bd3
f5 9. exf6 Rxf6 10. Bg5 Rf7 11. Qh5 g6 12. Qd1 Nbc6 13. Nf3 Qf8 14. O-O c4 15.
Be2 h6 16. Bc1 Bd7 17. a4 Qg7 18. Ba3 g5 19. h3 Ng6 20. Nh2 Nce7 21. Bh5 Rf5
22. Ng4 Nf4 23. Bxe7 Nxh5 24. Ne3 Rf7 25. Qxh5 Rxe7 26. f4 Be8 27. Qe2 Bg6 28.
fxg5 hxg5 29. Qg4 Be4 30. Rf2 Rf8 31. Rxf8+ Kxf8 32. Rf1+ Kg8 33. a5 Qg6 34.
Qg3 a6 35. Ng4 Bf5 36. Qb8+ Kh7 37. Qd6 Qg7 38. Rxf5 exf5 39. Nf6+ Kg6 40. Ne8+
1-0

[Event "Europa tch 2011 femenino"]
[Site "Porto Carras"]
[Date "2011.11.04"]
[Round "2.5"]
[White "Collas, Silvia"]
[Black "Cosma, Elena-Luminita"]
[Result "1/2-1/2"]
[WhiteElo "2287"]
[BlackElo "2335"]
[PlyCount "43"]
[EventDate "2011.11.03"]
[EventType "team"]
[EventRounds "9"]
[EventCountry "GRE"]
[Source "lmi"]
[SourceDate "2011.11.03"]

1. d4 d5 2. c4 e6 3. Nf3 Nf6 4. Nc3 c5 5. cxd5 Nxd5 6. e4 Nxc3 7. bxc3 cxd4 8.
cxd4 Bb4+ 9. Bd2 Bxd2+ 10. Qxd2 O-O 11. Bd3 b6 12. O-O Bb7 13. Rac1 Nd7 14. Qe3
Rc8 15. e5 h6 16. Nd2 Bd5 17. Ne4 Bxa2 18. Ra1 Bc4 19. Bxc4 Rxc4 20. Rxa7 Rc7
21. Ra3 f5 22. exf6 1/2-1/2

[Event "Europa tch 2011 femenino"]
[Site "Porto Carras"]
[Date "2011.11.04"]
[Round "2.5"]
[White "L'ami, Alina"]
[Black "Guichard, Pauline"]
[Result "1-0"]
[WhiteElo "2364"]
[BlackElo "2305"]
[PlyCount "119"]
[EventDate "2011.11.03"]
[EventType "team"]
[EventRounds "9"]
[EventCountry "GRE"]
[Source "lmi"]
[SourceDate "2011.11.03"]

1. d4 d5 2. c4 e6 3. Nf3 Nf6 4. Nc3 Bb4 5. Bg5 h6 6. Bxf6 Qxf6 7. e3 O-O 8. Be2
dxc4 9. O-O Bxc3 10. bxc3 b5 11. a4 c6 12. Ne5 Bb7 13. Qb1 a6 14. Nxc4 Qd8 15.
Bf3 Nd7 16. Nd6 Qc7 17. Nxb7 Qxb7 18. c4 b4 19. a5 Rab8 20. Ra4 Qc7 21. Rxb4
Qxa5 22. Rb7 Qa4 23. c5 e5 24. Rxb8 Rxb8 25. Qe4 exd4 26. exd4 Nf6 27. Qxc6
Qxd4 28. Rd1 Qc4 29. Qc7 Re8 30. g3 Qc2 31. Rd8 Rxd8 32. Qxd8+ Kh7 33. c6 Ne4
34. Bxe4+ Qxe4 35. c7 Qe1+ 36. Kg2 Qe4+ 37. Kf1 Qc4+ 38. Ke1 Qc3+ 39. Ke2 Qb2+
40. Ke3 Qe5+ 41. Kd3 Qf5+ 42. Kc4 Qe4+ 43. Kc5 Qe5+ 44. Kc6 Qb5+ 45. Kd6 Qb4+
46. Kd7 Qb5+ 47. Ke7 Qe5+ 48. Kf8 Qc5+ 49. Ke8 Qe5+ 50. Qe7 Qb5+ 51. Kf8 Qc6
52. f3 Qc3 53. Qd7 Qc5+ 54. Ke8 Qe5+ 55. Qe7 Qb5+ 56. Kd8 Qd5+ 57. Qd7 Qg5+ 58.
Kc8 Qe3 59. Qc6 Qa7 60. Qb7 1-0

[Event "Europa tch 2011 femenino"]
[Site "Porto Carras"]
[Date "2011.11.04"]
[Round "2.5"]
[White "Milliet, Sophie"]
[Black "Foisor, Cristina-Adela"]
[Result "1-0"]
[WhiteElo "2386"]
[BlackElo "2418"]
[PlyCount "113"]
[EventDate "2011.11.03"]
[EventType "team"]
[EventRounds "9"]
[EventCountry "GRE"]
[Source "lmi"]
[SourceDate "2011.11.03"]

1. e4 d5 2. exd5 Qxd5 3. Nc3 Qd6 4. d4 Nf6 5. Nf3 g6 6. Nb5 Qb6 7. c4 c6 8. Nc3
Bg7 9. h3 O-O 10. Bd3 c5 11. d5 e6 12. O-O Na6 13. Be3 Bd7 14. Qd2 Rfe8 15. a3
Qd6 16. Bf4 Qb6 17. Be3 Rac8 18. Rad1 e5 19. Bb1 Qd6 20. Ng5 Qf8 21. f4 e4 22.
Rfe1 b6 23. Bf2 Nb8 24. Ncxe4 Nxe4 25. Nxe4 Bf5 26. Nc3 Bxb1 27. Rxb1 Rxe1+ 28.
Rxe1 Re8 29. Ne4 Nd7 30. b4 Bd4 31. Bxd4 cxd4 32. Kf2 Qg7 33. Ng5 Rxe1 34. Kxe1
Qf6 35. g3 h6 36. Nf3 Qf5 37. Qxd4 Qxh3 38. Kf2 Qf5 39. d6 Qc2+ 40. Ke3 Qc1+
41. Ke2 Qxa3 42. Ne5 Qxg3 43. Nxd7 Qg4+ 44. Kd2 Qxd7 45. c5 bxc5 46. bxc5 h5
47. Qd5 Qa4 48. d7 Qxf4+ 49. Kd3 Qf1+ 50. Kc2 Qe2+ 51. Kc3 Qe1+ 52. Qd2 Qa1+
53. Kb4 Qb1+ 54. Ka5 Qa1+ 55. Kb5 a6+ 56. Kb6 Qf6+ 57. Kc7 1-0

[Event "Europa tch 2011 femenino"]
[Site "Porto Carras"]
[Date "2011.11.04"]
[Round "2.6"]
[White "Bojkovic, Natasa"]
[Black "Seps, Monika"]
[Result "1-0"]
[WhiteElo "2396"]
[BlackElo "2198"]
[PlyCount "115"]
[EventDate "2011.11.03"]
[EventType "team"]
[EventRounds "9"]
[EventCountry "GRE"]
[Source "lmi"]
[SourceDate "2011.11.03"]

1. e4 c5 2. Nf3 d6 3. d4 cxd4 4. Qxd4 Nc6 5. Bb5 Bd7 6. Qd3 g6 7. O-O Bg7 8. c4
Nf6 9. h3 O-O 10. Nc3 a6 11. Bxc6 Bxc6 12. Be3 Nd7 13. Nd4 Ne5 14. Qe2 Bd7 15.
Rac1 Rc8 16. b3 Nc6 17. Nf3 f5 18. exf5 Rxf5 19. Nd5 e5 20. Rcd1 Be6 21. Rfe1
h6 22. Bb6 Qe8 23. Ne3 Rf7 24. Rxd6 Bf8 25. Rdd1 e4 26. Nh2 Bf5 27. Nd5 Nb4 28.
Ng4 Nxd5 29. Rxd5 Qe6 30. Be3 h5 31. Ne5 Re7 32. Bg5 Rec7 33. Bf4 Qf6 34. Bg3
h4 35. Bh2 Rh7 36. Ng4 Qf7 37. Red1 Be7 38. Bd6 Bg5 39. Bb4 Re8 40. Bd2 Bxd2
41. R1xd2 Qf8 42. Rd6 Rf7 43. Qe3 Bxg4 44. Rxg6+ Rg7 45. Rxg4 Rxg4 46. hxg4 Qg7
47. Rd5 Re5 48. Qd4 Re7 49. Qxg7+ Kxg7 50. Kf1 Rf7 51. Ke2 Rf4 52. Rg5+ Kh6 53.
Rh5+ Kg6 54. Rxh4 b5 55. c5 a5 56. Rh1 Rf6 57. Rc1 Rc6 58. Ke3 1-0

[Event "Europa tch 2011 femenino"]
[Site "Porto Carras"]
[Date "2011.11.04"]
[Round "2.6"]
[White "Heinatz, Dr Gundula"]
[Black "Chelushkina, Irina"]
[Result "0-1"]
[WhiteElo "2205"]
[BlackElo "2276"]
[PlyCount "80"]
[EventDate "2011.11.03"]
[EventType "team"]
[EventRounds "9"]
[EventCountry "GRE"]
[Source "lmi"]
[SourceDate "2011.11.03"]

1. d4 c5 2. d5 Nf6 3. Nf3 a6 4. a4 d6 5. Nc3 e5 6. e4 Be7 7. Be2 Bf8 8. Bf1 Be7
9. Be2 Nbd7 10. Nd2 O-O 11. O-O Rb8 12. Qe1 Ne8 13. Nc4 Nb6 14. Ne3 Bg5 15. a5
Na8 16. Bd3 Nac7 17. Ne2 g6 18. f4 exf4 19. Nxf4 Ng7 20. Nc4 Nb5 21. c3 Bh4 22.
g3 Be7 23. Ng2 Bh3 24. Qe2 Bg5 25. Bxg5 Qxg5 26. Rae1 Rbe8 27. Qe3 Qxe3+ 28.
Rxe3 f5 29. e5 dxe5 30. Nxe5 Nd6 31. Rfe1 Bxg2 32. Kxg2 f4 33. gxf4 Rxf4 34.
Rf3 Nh5 35. Bb1 Ra4 36. Kf2 c4 37. Rfe3 Rxa5 38. Nxc4 Rf8+ 39. Rf3 Rxf3+ 40.
Kxf3 Nxc4 0-1

[Event "Europa tch 2011 femenino"]
[Site "Porto Carras"]
[Date "2011.11.04"]
[Round "2.6"]
[White "Stoeri, Laura"]
[Black "Eric, Jovana"]
[Result "1/2-1/2"]
[WhiteElo "1939"]
[BlackElo "2236"]
[PlyCount "119"]
[EventDate "2011.11.03"]
[EventType "team"]
[EventRounds "9"]
[EventCountry "GRE"]
[Source "lmi"]
[SourceDate "2011.11.03"]

1. e4 c5 2. Nf3 d6 3. d4 cxd4 4. Nxd4 Nf6 5. f3 e5 6. Nb3 Be6 7. c4 Nbd7 8. Be3
a5 9. Nc3 Be7 10. Be2 O-O 11. a4 b6 12. O-O Nc5 13. Rc1 Nfd7 14. f4 exf4 15.
Bxf4 Bg5 16. Nd4 Bxf4 17. Rxf4 Qg5 18. Rf3 Ne5 19. Rg3 Qh6 20. b3 Qf4 21. Qf1
Qh4 22. Nf5 Bxf5 23. Qxf5 g6 24. Rh3 gxf5 25. Rxh4 Ng6 26. Rh3 Nxe4 27. Rf1
Rae8 28. Nd5 Re5 29. Bd3 Kg7 30. Bxe4 fxe4 31. Nf6 Rh8 32. Re3 Re6 33. Rh3 Re5
34. Re3 Re6 35. Nh5+ Kf8 36. Rfe1 f5 37. Ng3 Re5 38. Rf1 f4 39. Rxe4 Kg7 40.
Rxe5 dxe5 41. Ne4 Rd8 42. Kf2 Rd3 43. Rb1 Rd4 44. Re1 Nh4 45. g3 fxg3+ 46. hxg3
Nf5 47. c5 bxc5 48. Nxc5 Rd2+ 49. Kf3 Nd4+ 50. Kg4 Nc6 51. Rf1 Kg6 52. Ne4 Rc2
53. Rf6+ Kg7 54. Kg5 Nd4 55. Ra6 h6+ 56. Kg4 Nxb3 57. Ra7+ Kg6 58. Ra6+ Kg7 59.
Ra7+ Kg6 60. Ra6+ 1/2-1/2

[Event "Europa tch 2011 femenino"]
[Site "Porto Carras"]
[Date "2011.11.04"]
[Round "2.6"]
[White "Stojanovic, Andjelija"]
[Black "De Seroux, Camille"]
[Result "1-0"]
[WhiteElo "2280"]
[BlackElo "2056"]
[PlyCount "93"]
[EventDate "2011.11.03"]
[EventType "team"]
[EventRounds "9"]
[EventCountry "GRE"]
[Source "lmi"]
[SourceDate "2011.11.03"]

1. Nf3 Nf6 2. d4 g6 3. Nc3 d5 4. Bf4 Bg7 5. e3 O-O 6. Be2 c5 7. Ne5 Qa5 8. O-O
Nc6 9. a3 Bf5 10. g4 Be6 11. Nxc6 bxc6 12. Be5 Rfd8 13. dxc5 Qxc5 14. b4 Qb6
15. Na4 Qb7 16. Nc5 Qb6 17. Na4 Qb7 18. Nc5 Qb6 19. Qd4 Ne8 20. Bxg7 Nxg7 21.
f4 Bc8 22. c3 Ne6 23. Nxe6 Bxe6 24. f5 Bc8 25. Qf4 f6 26. fxg6 hxg6 27. Qh6 g5
28. Qg6+ Kf8 29. Qxg5 Be6 30. Qf4 Kf7 31. Rf2 Rh8 32. Raf1 Rag8 33. Rg2 Rh4 34.
Kh1 Qb7 35. c4 Ke8 36. cxd5 cxd5 37. Bf3 Qc8 38. Rfg1 Qc3 39. Qd4 Qxa3 40. Bxd5
Bxd5 41. Qxd5 Rg5 42. Qe6 Qxb4 43. Rc1 Rc5 44. Qg8+ Kd7 45. Rd1+ Kc7 46. Qd8+
Kc6 47. Qc8+ 1-0

[Event "Europa tch 2011 femenino"]
[Site "Porto Carras"]
[Date "2011.11.04"]
[Round "2.7"]
[White "Alexandrova, Olga"]
[Black "Nemcova, Katerina"]
[Result "0-1"]
[WhiteElo "2423"]
[BlackElo "2276"]
[PlyCount "62"]
[EventDate "2011.11.03"]
[EventType "team"]
[EventRounds "9"]
[EventCountry "GRE"]
[Source "lmi"]
[SourceDate "2011.11.03"]

1. d4 Nf6 2. c4 e6 3. Nc3 Bb4 4. e3 d5 5. Bd3 e5 6. dxe5 dxc4 7. Qa4+ Nc6 8.
Bxc4 Ne4 9. Qb3 O-O 10. Nf3 Bg4 11. O-O Bxf3 12. gxf3 Nc5 13. Qc2 Nxe5 14. Be2
Qh4 15. a3 Rae8 16. axb4 Ncd3 17. Kh1 Re6 18. e4 Nxc1 19. Rg1 Nxe2 20. Qxe2 Rh6
21. Rg2 Ng6 22. Nd5 c6 23. Ne3 Nf4 24. Qf1 Nxg2 25. Qxg2 Rg6 26. Qf1 Qf4 27.
Qe2 Rh6 28. Ng4 Rh4 29. Rxa7 h5 30. Qe3 Qb8 31. Qg5 Rxg4 0-1

[Event "Europa tch 2011 femenino"]
[Site "Porto Carras"]
[Date "2011.11.04"]
[Round "2.7"]
[White "Calzetta Ruiz, Monica"]
[Black "Olsarova, Tereza"]
[Result "1/2-1/2"]
[WhiteElo "2301"]
[BlackElo "2232"]
[PlyCount "103"]
[EventDate "2011.11.03"]
[EventType "team"]
[EventRounds "9"]
[EventCountry "GRE"]
[Source "lmi"]
[SourceDate "2011.11.03"]

1. e4 e5 2. Nf3 Nc6 3. Bb5 a6 4. Ba4 Nf6 5. Qe2 b5 6. Bb3 Bc5 7. c3 O-O 8. O-O
d5 9. d3 d4 10. Bg5 Qd6 11. h3 dxc3 12. bxc3 Nh5 13. Rd1 Qg6 14. Bd5 Re8 15.
Nbd2 Bd7 16. Nb3 Bb6 17. d4 Rac8 18. Be3 exd4 19. cxd4 Nf6 20. Nh4 Qh5 21. Qxh5
Nxh5 22. e5 g6 23. Nf3 Nb4 24. Be4 f5 25. Bb1 Bc6 26. a3 Nd5 27. Rc1 Bb7 28.
Nc5 Bxc5 29. Rxc5 Ng7 30. Ba2 c6 31. Rac1 Ne6 32. Bxd5 cxd5 33. Rxc8 Rxc8 34.
Rxc8+ Bxc8 35. Bd2 Kf7 36. Kf1 Ke8 37. Ke2 Kd7 38. Kd3 Kc6 39. Ng5 Nxg5 40.
Bxg5 Kc7 41. h4 h5 42. Bd2 Be6 43. Ba5+ Kc6 44. Bd8 Kd7 45. Bb6 Kc6 46. Ba5 Kd7
47. Kd2 Kc6 48. Ke3 Kd7 49. Kf4 Ke8 50. Bd2 Kf7 51. Ke3 Ke8 52. Kf4 1/2-1/2

[Event "Europa tch 2011 femenino"]
[Site "Porto Carras"]
[Date "2011.11.04"]
[Round "2.7"]
[White "Havlikova, Kristyna"]
[Black "Vega Gutierrez, Sabrina"]
[Result "1/2-1/2"]
[WhiteElo "2285"]
[BlackElo "2327"]
[PlyCount "99"]
[EventDate "2011.11.03"]
[EventType "team"]
[EventRounds "9"]
[EventCountry "GRE"]
[Source "lmi"]
[SourceDate "2011.11.03"]

1. e4 c5 2. Nf3 Nc6 3. d4 cxd4 4. Nxd4 Nf6 5. Nc3 e5 6. Ndb5 d6 7. Nd5 Nxd5 8.
exd5 Nb8 9. a4 Be7 10. Be2 O-O 11. O-O Nd7 12. Kh1 f5 13. f4 a6 14. Na3 b6 15.
Nc4 Bb7 16. c3 g6 17. b4 Rc8 18. Ra3 exf4 19. Bxf4 Nf6 20. a5 Nxd5 21. Bf3 Nxf4
22. Bxb7 Rxc4 23. Bd5+ Nxd5 24. Qxd5+ Kg7 25. Qxc4 b5 26. Qd5 Qc7 27. Re1 Bf6
28. h3 Rc8 29. Re3 Qa7 30. Rd3 Qf2 31. Ra1 Rxc3 32. Rad1 Rxd3 33. Qxd3 Be5 34.
Qf3 Qc2 35. Qb7+ Kh6 36. Qf3 Qb2 37. Qe3+ Kg7 38. Qa7+ Kf6 39. Qxh7 Qxb4 40.
Qh8+ Kg5 41. Qd8+ Kh5 42. Qe7 Qf4 43. g4+ fxg4 44. hxg4+ Kxg4 45. Rg1+ Kf5 46.
Qf7+ Ke4 47. Qxg6+ Ke3 48. Rg3+ Qxg3 49. Qe4+ Kd2 50. Qc2+ 1/2-1/2

[Event "Europa tch 2011 femenino"]
[Site "Porto Carras"]
[Date "2011.11.04"]
[Round "2.7"]
[White "Olsarova, Karolina"]
[Black "Hernandez Estevez, Yudania"]
[Result "1/2-1/2"]
[WhiteElo "2167"]
[BlackElo "2284"]
[PlyCount "84"]
[EventDate "2011.11.03"]
[EventType "team"]
[EventRounds "9"]
[EventCountry "GRE"]
[Source "lmi"]
[SourceDate "2011.11.03"]

1. e4 e5 2. Nf3 Nc6 3. Bb5 f5 4. d3 fxe4 5. dxe4 Nf6 6. Nc3 Bc5 7. O-O O-O 8.
Bg5 d6 9. Nd5 Kh8 10. c3 Ne7 11. Bxf6 gxf6 12. Nxe7 Qxe7 13. Nh4 f5 14. Qh5 Qf6
15. exf5 Bxf5 16. Nxf5 Qxf5 17. Qxf5 Rxf5 18. Bd3 Rf6 19. Rae1 Raf8 20. Re2 c6
21. g3 d5 22. b4 Bd6 23. Rd1 e4 24. Bc2 b5 25. a4 a6 26. Bb3 Bc7 27. axb5 axb5
28. Ra1 Bb6 29. Raa2 Rf3 30. Ra6 Bxf2+ 31. Kg2 R8f6 32. Bxd5 cxd5 33. Rxf6 Rxf6
34. Rxf2 Rxf2+ 35. Kxf2 Kg7 36. Ke3 Kf6 37. Ke2 h5 38. h3 Kf5 39. Kf2 Ke5 40.
Ke3 Kd6 41. Kd2 Ke6 42. Ke2 Kf5 1/2-1/2

[Event "Europa tch 2011 femenino"]
[Site "Porto Carras"]
[Date "2011.11.04"]
[Round "2.8"]
[White "Danielian, Elina"]
[Black "Golubenko, Valentina"]
[Result "1-0"]
[WhiteElo "2507"]
[BlackElo "2293"]
[PlyCount "115"]
[EventDate "2011.11.03"]
[EventType "team"]
[EventRounds "9"]
[EventCountry "GRE"]
[Source "lmi"]
[SourceDate "2011.11.03"]

1. Nf3 Nf6 2. g3 g6 3. Bg2 Bg7 4. d4 O-O 5. c4 d5 6. cxd5 Nxd5 7. O-O Nb6 8.
Nc3 Nc6 9. d5 Na5 10. Qc2 Nxd5 11. Rd1 c6 12. Ne1 Bxc3 13. bxc3 Qc7 14. c4 Nf6
15. Bf4 e5 16. Bg5 Nh5 17. c5 Be6 18. Rd6 Ng7 19. Rad1 Nc4 20. R6d3 Nf5 21. Bf6
Qa5 22. e4 Ng7 23. Nf3 Nh5 24. Bxe5 Nxe5 25. Nxe5 Rad8 26. Bf3 Rxd3 27. Nxd3
Ng7 28. Rb1 Rd8 29. a4 Qc7 30. Qc3 Qe7 31. h4 h5 32. Nf4 Bg4 33. Bxg4 hxg4 34.
Qc4 Kh7 35. Kg2 Rd7 36. a5 Qe5 37. Re1 Ne6 38. Nxe6 fxe6 39. Qe2 Qxc5 40. Qxg4
Rf7 41. Re2 Qe5 42. Re1 Rd7 43. h5 g5 44. Re2 Rg7 45. Rd2 Qxa5 46. Rd6 Qe5 47.
Rxe6 Qc5 48. Rf6 Qe5 49. Rf5 Qe6 50. Kh2 c5 51. Qf3 c4 52. e5 c3 53. Qe4 Qc6
54. Qc2 Kg8 55. Rf6 Qc4 56. h6 Qd4 57. hxg7 Qxe5 58. Qb3+ 1-0

[Event "Europa tch 2011 femenino"]
[Site "Porto Carras"]
[Date "2011.11.04"]
[Round "2.8"]
[White "Galojan, Lilit"]
[Black "Medic, Mirjana"]
[Result "1/2-1/2"]
[WhiteElo "2383"]
[BlackElo "2236"]
[PlyCount "108"]
[EventDate "2011.11.03"]
[EventType "team"]
[EventRounds "9"]
[EventCountry "GRE"]
[Source "lmi"]
[SourceDate "2011.11.03"]

1. d4 e6 2. c4 f5 3. Nc3 Nf6 4. Qc2 d5 5. Bf4 c6 6. e3 Be7 7. Bd3 O-O 8. Nge2
Na6 9. a3 Nc7 10. b3 b6 11. cxd5 Ncxd5 12. Nxd5 cxd5 13. O-O Bb7 14. f3 Qd7 15.
Rfc1 Rfc8 16. Qb2 Bd6 17. Rxc8+ Rxc8 18. Rc1 Rxc1+ 19. Qxc1 Bxf4 20. Nxf4 Qd6
21. Bb5 a6 22. Bf1 Nd7 23. Qc3 e5 24. dxe5 Qxe5 25. Qxe5 Nxe5 26. Ne6 Nc6 27.
Bd3 g6 28. Kf2 Kf7 29. Ng5+ Kg7 30. h4 Bc8 31. Ke2 d4 32. Bc4 dxe3 33. Kxe3 h6
34. Ne6+ Kf6 35. Nd4 Na5 36. Bg8 g5 37. hxg5+ hxg5 38. g3 Nb7 39. Kd3 Nd6 40.
a4 f4 41. gxf4 gxf4 42. Bd5 a5 43. Kc3 Bd7 44. Bc6 Bh3 45. b4 axb4+ 46. Kxb4
Ke5 47. Kc3 Bf1 48. Ba8 Ne8 49. Nc6+ Kd6 50. Nb4 Nc7 51. Be4 Ne6 52. Nd5 Kc5
53. Nf6 b5 54. axb5 Bxb5 1/2-1/2

[Event "Europa tch 2011 femenino"]
[Site "Porto Carras"]
[Date "2011.11.04"]
[Round "2.8"]
[White "Saric, Kristina"]
[Black "Kursova, Maria"]
[Result "1/2-1/2"]
[WhiteElo "2255"]
[BlackElo "2315"]
[PlyCount "66"]
[EventDate "2011.11.03"]
[EventType "team"]
[EventRounds "9"]
[EventCountry "GRE"]
[Source "lmi"]
[SourceDate "2011.11.03"]

1. e4 c5 2. Nf3 e6 3. c4 a6 4. Nc3 d6 5. d4 cxd4 6. Nxd4 Nf6 7. Be3 Qc7 8. Rc1
Be7 9. Be2 O-O 10. O-O b6 11. a3 Bb7 12. f3 Nbd7 13. b4 Rac8 14. Qd2 Qb8 15.
Nb3 Bd8 16. Kh1 Bc7 17. Bg1 Qa8 18. a4 Ne5 19. Rc2 Kh8 20. Ra1 Rg8 21. a5 bxa5
22. b5 d5 23. cxd5 exd5 24. bxa6 Bxa6 25. Bxa6 Qxa6 26. Nxd5 Nxd5 27. exd5 Qb5
28. Nc5 Rcd8 29. Qd1 Bb8 30. Rb1 Rxd5 31. Qe1 Qc6 32. Qxa5 Bd6 33. Rcc1 h6
1/2-1/2

[Event "Europa tch 2011 femenino"]
[Site "Porto Carras"]
[Date "2011.11.04"]
[Round "2.9"]
[White "Carlsen, Ellen Oen"]
[Black "Srebrnic, Ana"]
[Result "0-1"]
[WhiteElo "1931"]
[BlackElo "2219"]
[PlyCount "120"]
[EventDate "2011.11.03"]
[EventType "team"]
[EventRounds "9"]
[EventCountry "GRE"]
[Source "lmi"]
[SourceDate "2011.11.03"]

1. e4 e5 2. Nf3 d6 3. d4 Nd7 4. dxe5 dxe5 5. Bc4 c6 6. Ng5 Nh6 7. O-O Bc5 8.
Nc3 O-O 9. Ne2 Qf6 10. Ng3 Nb6 11. Be2 Rd8 12. Qe1 Qe7 13. h3 f6 14. Nf3 Nf7
15. Nd2 Be6 16. Nf5 Qd7 17. Nb3 Bf8 18. Ne3 Ng5 19. Nd2 g6 20. Bg4 h5 21. Bxe6+
Nxe6 22. Ndc4 Nxc4 23. Nxc4 Qd4 24. Nd2 Rd7 25. Nf3 Qc4 26. Qc3 Qxe4 27. Re1
Qb4 28. Qe3 Nd4 29. c3 Nxf3+ 30. Qxf3 Qe7 31. Be3 a6 32. Bb6 Qe6 33. Rad1 Rf7
34. Qg3 Kh7 35. a4 Re8 36. Re2 Bh6 37. Qd3 Ree7 38. Qc2 Rd7 39. Ree1 Rxd1 40.
Rxd1 Rd7 41. Bd8 Bg7 42. Bb6 f5 43. Re1 Qd5 44. Be3 e4 45. Bg5 c5 46. Qc1 Qb3
47. a5 Qd5 48. Qe3 Qc6 49. Qf4 Qd6 50. Qe3 Be5 51. f3 Bg3 52. Rf1 exf3 53. Qxf3
Bh2+ 54. Kh1 Be5 55. Be3 c4 56. Qf2 Qd3 57. Bg5 Bg3 58. Qg1 Qe2 59. Rb1 f4 60.
Bf6 Rd2 0-1

[Event "Europa tch 2011 femenino"]
[Site "Porto Carras"]
[Date "2011.11.04"]
[Round "2.9"]
[White "Johnsen, Sylvia"]
[Black "Muzychuk, Anna"]
[Result "0-1"]
[WhiteElo "2028"]
[BlackElo "2557"]
[PlyCount "92"]
[EventDate "2011.11.03"]
[EventType "team"]
[EventRounds "9"]
[EventCountry "GRE"]
[Source "lmi"]
[SourceDate "2011.11.03"]

1. e4 c5 2. Nf3 g6 3. Nc3 Bg7 4. d4 cxd4 5. Nxd4 Nc6 6. Be3 Nf6 7. Be2 O-O 8.
Qd2 d5 9. exd5 Nb4 10. O-O Nbxd5 11. Nxd5 Nxd5 12. Bh6 Qb6 13. Bxg7 Kxg7 14. c3
e5 15. Nf3 Nf4 16. Bc4 Qc6 17. Bb3 Bg4 18. Qe3 Rfe8 19. Rad1 Bxf3 20. Qxf3 Qxf3
21. gxf3 Rad8 22. Rfe1 f6 23. Kf1 a5 24. Ba4 Rf8 25. Bc2 Kf7 26. Bb3+ Ke7 27.
a3 h6 28. Bc4 h5 29. h4 Rxd1 30. Rxd1 Rd8 31. Rxd8 Kxd8 32. b4 Ke7 33. Bg8 g5
34. hxg5 fxg5 35. c4 axb4 36. axb4 Nd3 37. b5 Kd6 38. Ke2 Nf4+ 39. Kf1 Kc5 40.
Bf7 h4 41. Bg8 Nd3 42. Kg2 Ne1+ 43. Kh3 Nxf3 44. Bd5 Nd2 45. Kg4 e4 46. Kh3 Kd4
0-1

[Event "Europa tch 2011 femenino"]
[Site "Porto Carras"]
[Date "2011.11.04"]
[Round "2.9"]
[White "Krivec, Jana"]
[Black "Reppen, Ellisiv"]
[Result "1-0"]
[WhiteElo "2291"]
[BlackElo "1949"]
[PlyCount "79"]
[EventDate "2011.11.03"]
[EventType "team"]
[EventRounds "9"]
[EventCountry "GRE"]
[Source "lmi"]
[SourceDate "2011.11.03"]

1. e4 e5 2. Nf3 Nc6 3. d4 exd4 4. Nxd4 Bc5 5. Nxc6 Qf6 6. Qd2 bxc6 7. Nc3 Ne7
8. Na4 Bb6 9. Bd3 d5 10. O-O O-O 11. c4 dxc4 12. Bxc4 Bd4 13. Kh1 c5 14. Qg5
Qxg5 15. Bxg5 Ng6 16. Bd5 Rb8 17. Rac1 Ba6 18. Rfd1 Bxf2 19. Nxc5 Bxc5 20. Rxc5
Rxb2 21. Rxc7 h6 22. Be3 Be2 23. Re1 Ne5 24. Bd4 Nd3 25. Bxb2 Nxe1 26. Ba3 Rb8
27. Bxf7+ Kh7 28. Bb3 Rb6 29. e5 Bh5 30. Rxa7 Rg6 31. Bd5 Nd3 32. e6 Nf2+ 33.
Kg1 Nh3+ 34. Kf1 Be2+ 35. Ke1 Nf4 36. Be4 Bd3 37. Bxg6+ Kxg6 38. e7 Bb5 39. Ra8
Kf7 40. Rf8+ 1-0

[Event "Europa tch 2011 femenino"]
[Site "Porto Carras"]
[Date "2011.11.04"]
[Round "2.9"]
[White "Rozic, Vesna"]
[Black "Hansen, Erle Andrea Marki"]
[Result "1-0"]
[WhiteElo "2263"]
[BlackElo "1762"]
[PlyCount "59"]
[EventDate "2011.11.03"]
[EventType "team"]
[EventRounds "9"]
[EventCountry "GRE"]
[Source "lmi"]
[SourceDate "2011.11.03"]

1. d4 d6 2. Nf3 g6 3. g3 Nf6 4. Bg2 Bg7 5. O-O O-O 6. c4 Nc6 7. Nc3 a6 8. Bf4
Nh5 9. Bg5 f6 10. Be3 e5 11. c5 f5 12. cxd6 cxd6 13. dxe5 dxe5 14. Qb3+ Kh8 15.
Rfd1 Qa5 16. Bb6 Qb4 17. Qxb4 Nxb4 18. Bc5 Nc6 19. Bxf8 Bxf8 20. Nd5 Bc5 21.
Rac1 Ba7 22. Nc7 Rb8 23. Nxa6 Ra8 24. Nc7 Rb8 25. Nb5 Bb6 26. Nd6 Be6 27. Nc4
Bc7 28. Ng5 Bg8 29. Bxc6 bxc6 30. Rd7 1-0

[Event "Europa tch 2011 femenino"]
[Site "Porto Carras"]
[Date "2011.11.04"]
[Round "2.10"]
[White "Bhatia, Kanwal K"]
[Black "Vasiliev, Olga"]
[Result "0-1"]
[WhiteElo "2087"]
[BlackElo "2305"]
[PlyCount "104"]
[EventDate "2011.11.03"]
[EventType "team"]
[EventRounds "9"]
[EventCountry "GRE"]
[Source "lmi"]
[SourceDate "2011.11.03"]

1. e4 c5 2. c3 Qa5 3. Nf3 Nc6 4. Bd3 d6 5. h3 g6 6. O-O Nf6 7. Na3 Bg7 8. Re1
Nh5 9. Bc4 O-O 10. d3 a6 11. Be3 b5 12. Bb3 e6 13. Qd2 Qc7 14. Bh6 Rb8 15. Bxg7
Kxg7 16. Nh2 e5 17. Ng4 Nf4 18. Kh2 Qe7 19. g3 h5 20. gxf4 hxg4 21. Rg1 Rh8 22.
Rg3 Qf6 23. f5 gxf5 24. exf5 Bxf5 25. Rag1 Kf8 26. Bd1 Rxh3+ 27. Rxh3 gxh3 28.
Rg3 Ke7 29. Nc2 Be6 30. Ne3 Qf4 31. Bg4 Rg8 32. Qe2 e4 33. dxe4 Ne5 34. Bf5
Bxa2 35. Bxh3 Bc4 36. Nd5+ Bxd5 37. exd5 Rxg3 38. fxg3 Qc4 39. Qxc4 bxc4 40.
Bc8 a5 41. Ba6 Kd8 42. Kg2 Kc7 43. Bb5 Kb6 44. Ba4 Nd3 45. b3 cxb3 46. Bxb3 Kb5
47. g4 c4 48. Bd1 Nf4+ 49. Kg3 Nxd5 50. g5 a4 51. Bh5 a3 52. Bxf7 a2 0-1